|
|
|
|
| LEADER |
01215nam a2200289 a 4500 |
| 001 |
00476866 |
| 003 |
GR-PaULI |
| 008 |
060323s2000 r 000 0 eng d |
| 020 |
|
|
|a 0683306928
|
| 040 |
|
|
|a GrPaTEI
|b gre
|c GR-PaULI
|
| 044 |
|
|
|a um
|
| 082 |
|
0 |
|a 636.089 615
|2 21
|
| 100 |
1 |
|
|a Feldman, Bernard F.
|q (Bernard Frank)
|
| 245 |
1 |
0 |
|a Schalm's veterinary hematology /
|c editors, Bernard F. Feldman, Joseph G. Zinkl, Nemi C. Jain.
|
| 250 |
|
|
|a 5η εκδ.
|
| 260 |
|
|
|a Philadelphia :
|b Lippincott Williams & Wilkins,
|c c2000.
|
| 300 |
|
|
|a 1344 σ. :
|b εικ. ;
|c 29 εκ.
|
| 500 |
|
|
|a Περιλαμβάνει βιβλιογραφία και ευρετήριο
|
| 650 |
|
0 |
|a Veterinary hematology
|
| 650 |
|
7 |
|a Κτηνιατρική αιματολογία
|2 lcsh/gre
|
| 700 |
1 |
|
|a Jain, Nemi C.
|q (Nemi Chand),
|d 1936-
|
| 700 |
1 |
|
|a Zinkl, Joseph G.
|
| 710 |
|
|
|a Lippincott Williams & Wilkins
|
| 942 |
|
|
|2 ddc
|
| 952 |
|
|
|0 0
|1 0
|2 ddc
|4 0
|6 636_089000000000000_615_FEL
|7 0
|9 250425
|a MSLG
|b MSLG
|c BSC
|d 2021-01-17
|e 24
|f 0
|g 0.00
|l 0
|o 636.089 615 FEL
|p 99242000028401
|r 2021-01-17 00:00:00
|t 1
|w 2021-01-17
|y BK15
|x Items transfered from Loc16 to Loc24
|x GrPaTEI
|
| 971 |
|
|
|a .b11776377
|b 24-09-20
|c 27-08-15
|
| 999 |
|
|
|c 148645
|d 148645
|